| 000 | 01213namaa2200301 i 4500 | ||
|---|---|---|---|
| 003 | EG-GICUC | ||
| 005 | 20260429111947.0 | ||
| 008 | 260422s19901992mk ||||jr|||| 000 0 ara d | ||
| 040 |
_aEG-GiCUC _bara _cEG-GiCUC _dEG-GiCUC _erda |
||
| 082 | 0 | 4 |
_221 _a929.1 _bA967a 1992 |
| 092 | 0 | 4 |
_221 _a929.1 _bA967a 1992 |
| 099 | _a929.1 A967a 1992 | ||
| 100 | 1 |
_aالعوتبي، سلامة بن مسلم. _dنشط في القرن الحادي عشر. _eمؤلف. |
|
| 245 | 1 | 2 |
_aالانساب / _cتأليف المؤرخ المحقق سلمة بن مسلم العوتبى الصحارى |
| 250 | _aالطبعة الثالثة | ||
| 264 |
_aمسقط (سلطنة عمان) : _bوزارىة التراث القومى والثقافة، _c1990-1992 |
||
| 300 |
_a2 مجلد ؛ _c24 سم |
||
| 336 |
_2rdacontent _atext |
||
| 337 |
_2rdamedia _aUnmediated |
||
| 338 |
_2rdacarrier _avolume |
||
| 504 | _aيشتمل على ارجاعات ببليوجرافية. | ||
| 541 |
_aد. / جابر عصفور ؛ _bالقاهرة ؛ _cإهداء ؛ _d2024. |
||
| 650 | 1 | 7 |
_aالانساب العربية _2qrmak |
| 650 | 1 | 7 |
_aالأنساب والأعراق _2qrmak |
| 651 | 1 | _2qrmak | |
| 905 | _aAmira | ||
| 942 |
_2ddc _cBK _e21 _n0 |
||
| 999 |
_c179677 _d179677 |
||